День знаний в Университете. Вып. 10: 1 сентября 2004 года (Запись № 1383754)

Подробности
000 -МАРКЕР
контрольное поле 01217nam2a2200277 4500
001 - ИДЕНТИФИКАТОР ЗАПИСИ
контрольное поле RU\NLR\bibl\846077
005 - ИДЕНТИФИКАТОР ВЕРСИИ
контрольное поле 20250614150411.0
010 ## - МЕЖДУНАРОДНЫЙ СТАНДАРТНЫЙ НОМЕР КНИГИ (ISBN)
Номер (ISBN) 5-7621-0322-6
Тираж 1000
021 ## - НОМЕР ГОСУДАРСТВЕННОЙ РЕГИСТРАЦИИ
Код страны Российская Федерация
Номер 2005-21115
Номер Листа государственной регистраци 1080
035 ## - ДРУГИЕ СИСТЕМНЫЕ НОМЕРА
Идентификатор записи (NLR Aleph) 000834858
100 ## - ДАННЫЕ ОБЩЕЙ ОБРАБОТКИ
Данные общей обработки 20050929d2005 |||y0rusy50 ca
101 0# - ЯЗЫК РЕСУРСА
Язык текста, звукозаписи и т.д. русский
102 ## - СТРАНА ПУБЛИКАЦИИ ИЛИ ПРОИЗВОДСТВА
Страна публикации Российская Федерация
105 ## - ПОЛЕ КОДИРОВАННЫХ ДАННЫХ: ТЕКСТОВЫЕ МАТЕРИАЛЫ, МОНОГРАФИЧЕСКИЕ
Кодированные данные о монографическом текстовом документе y |||||||||
200 1# - ЗАГЛАВИЕ И СВЕДЕНИЯ ОБ ОТВЕТСТВЕННОСТИ
Основное заглавие 1 сентября 2004 года
Первые сведения об ответственности [науч. ред. д.п.н., проф. И.Г. Абрамова]
210 ## - ПУБЛИКАЦИЯ, РАСПРОСТРАНЕНИЕ И ДР.
Дата издания, распространения и т.д. 2005
Место издания, распространения и т.д. Б. м.
215 ## - ФИЗИЧЕСКАЯ ХАРАКТЕРИСТИКА
Специфическое обозначение материала и объем 110 с.
461 #0 - УРОВЕНЬ НАБОРА
Встроенное поле 001RU\NLR\bibl\8326
-- 2001#$aДень знаний в университете$vВып. 10
Системный номер (АБИС) связанной записи 25701
Место публикации СПб
Дата публикации 1997–
Первые сведения об ответственности Санкт-Петербургский гуманитарный университет профсоюзов
Имя издателя, распространителя и т.д. Изд-во СПбГУП
Сведения, относящиеся к заглавию [сборник]
Заглавие День знаний в Университете
Номер тома Вып. 10
702 #1 - ИМЯ ЛИЦА - ВТОРИЧНАЯ ОТВЕТСТВЕННОСТЬ
Код отношения Редактор
Графика поля Кириллица
Материалы, к которым относится поле rus
Начальный элемент ввода Абрамова
Часть имени, кроме начального элемента ввода И. Г.
Дополнения к именам, кроме дат д-р пед. наук, методист
Даты 1946-2005
Расширение инициалов личного имени Ирина Георгиевна
Системный номер авторитетной/нормативной записи 233937
Идентификатор авторитетной/нормативной записи RU\NLR\AUTH\770233993
801 #0 - ИСТОЧНИК ЗАПИСИ
Страна Российская Федерация
Организация NLR
Дата составления 20050929
Правила каталогизации rcr
801 #1 - ИСТОЧНИК ЗАПИСИ
Страна Российская Федерация
Организация NLR
Дата составления 20050929
942 ## - ДОПОЛНИТЕЛЬНЫЕ ЭЛЕМЕНТЫ ЗАПИСИ (АБИС)
Тип экземпляра АБИС Книга
980 ## - КОЛЛЕКЦИЯ
Название коллекции Национальная библиография
Экземпляры
Тип экземпляра Дата поступления Источник поступления Библиотека постоянного хранения Библиотека текущего хранения Место хранения Шифр хранения Штрих-код Статус экземпляра
Книга 29.09.2005 Обязательный экземпляр РНБ (Московский) РНБ (Московский) Русский книжный фонд: издания с 1957 года 98-3/317 2002446  
Книга 29.09.2005 Обязательный экземпляр РНБ (Московский) РНБ (Московский) Русский книжный фонд: издания с 1957 года 98-3/317 2002447